Eastern Hemisphere- Sudden Death - Statistics

General Stats
  • This quiz has been taken 74 times
    14 since last reset
  • The average score is 7 of 24
Answers on the Grid
Answers color-coded by a green-red scale on the quiz's grid according to % correct below.
Beijing
Rome
Barcelona
Dubai
Borneo
Hokkaido
Sicily
Mauritius
K2
Mont Blanc
Krakatoa
Mount Fuji
Nile River
Yangtze River
Congo River
Ganges River
Gulf of Guinea
Adriatic Sea
South China Sea
Coral Sea
Taj Mahal
Dome of the Rock
The Colosseum
Uluru
Vancouver
Sao Paulo
Hispaniola
Tahiti
Mount Saint Helens
Mauna Loa
Missouri River
Rio Grande
Gulf of Mexico
Strait of Gibraltar
Space Needle
Stonehenge
 
Answer Stats
Answer % Correct
Beijing
60%
Dubai
60%
Borneo
50%
K2
50%
Mauritius
50%
Sicily
50%
Taj Mahal
50%
Congo River
40%
South China Sea
40%
Yangtze River
40%
Ganges River
30%
Mount Fuji
30%
Hokkaido
20%
Rome
20%
Adriatic Sea
10%
Coral Sea
10%
Dome of the Rock
10%
Gulf of Guinea
10%
Krakatoa
10%
Uluru
10%
Barcelona
0%
Mont Blanc
0%
Nile River
0%
The Colosseum
0%
No matching quizzes found
Score Distribution
Percent of People with Each Score
Percentile by Number Answered
Your Score History
You have not taken this quiz since the last reset